[Event "IRI-ch U16 Girls"]
[Site "Chess.com INT"]
[Date "2021.01.16"]
[Round "7"]
[White "Abbaspoorrad, Nikoo"]
[Black "Hasanpour, Zeynab"]
[Result "1-0"]
[WhiteElo "1741"]
[BlackElo "1073"]
[PlyCount "137"]
[EventDate "2021.01.16"]
[EventType "swiss"]
[EventRounds "9"]
[EventCountry "IRI"]
[SourceTitle "EXT 2022"]
[Source "ChessBase"]
[SourceDate "2021.10.06"]
[SourceVersion "1"]
[SourceVersionDate "2021.10.06"]
[SourceQuality "1"]

1. d4 d5 2. c4 c6 3. cxd5 cxd5 4. Bf4 Nf6 5. e3 Bf5 6. Nc3 e6 7. Nf3 Nbd7 8. Be2 Be7 9. 0-0 0-0 10. Rc1 Qb6 11. Na4 Qa5 12. Bc7 Nb6 13. Nxb6 axb6 14. a3 Rfc8 15. Qb3 Bd8 16. Bd6 Ne4 17. Bb4 Qa7 18. Bb5 Qb8 19. Ne5 Qa7 20. f3 Nf6 21. g4 Bg6 22. h4 h6 23. Nxg6 fxg6 24. g5 hxg5 25. hxg5 Nh7 26. f4 Nf8 27. Bxf8 Kxf8 28. Bd7 Rxc1 29. Rxc1 Ke7 30. Bb5 Qa5 31. Qd3 Kf7 32. Kf2 Be7 33. Rc7 Rb8 34. b4 Qa7 35. Qc3 Rh8 36. Rxe7+ Kg8 37. Qc8+ Kh7 38. Qc1 Qb8 39. Qh1+ Kg8 40. Qxh8+ Kxh8 41. Re8+ Qxe8 42. Bxe8 Kg8 43. Bxg6 Kf8 44. Ke2 Ke7 45. Kd3 Kd6 46. Bf7 Ke7 47. Bh5 Kd6 48. Bg4 b5 49. e4 dxe4+ 50. Kxe4 b6 51. Be2 g6 52. Bxb5 Ke7 53. Ke5 Kf7 54. a4 Ke7 55. a5 bxa5 56. bxa5 Kd8 57. a6 Kc7 58. Kf6 e5 59. dxe5 Kb6 60. e6 Kc7 61. e7 Kb6 62. e8Q Ka5 63. Qd8+ Kb4 64. f5 gxf5 65. a7 f4 66. a8Q Kxb5 67. Qb7+ Kc4 68. Qdd5+ Kc3 69. Qbb3# 1-0